Australian aboriginal paintings / (Record no. 5816)
[ view plain ]
| 000 -LEADER | |
|---|---|
| fixed length control field | 01385cam a2200373 a 4500 |
| 001 - CONTROL NUMBER | |
| control field | 11980423 |
| 003 - CONTROL NUMBER IDENTIFIER | |
| control field | OSt |
| 005 - DATE AND TIME OF LATEST TRANSACTION | |
| control field | 20260429153249.0 |
| 008 - FIXED-LENGTH DATA ELEMENTS--GENERAL INFORMATION | |
| fixed length control field | 000419r19991989at ac b 001 0 eng d |
| 010 ## - LIBRARY OF CONGRESS CONTROL NUMBER | |
| LC control number | 00303456 |
| 020 ## - INTERNATIONAL STANDARD BOOK NUMBER | |
| International Standard Book Number | 1863026762 |
| Qualifying information | pbk. |
| 035 ## - SYSTEM CONTROL NUMBER | |
| System control number | 11980423 |
| 035 ## - SYSTEM CONTROL NUMBER | |
| System control number | 000020250097 |
| 040 ## - CATALOGING SOURCE | |
| Original cataloging agency | ANB |
| Language of cataloging | eng |
| Transcribing agency | Foundation University |
| 042 ## - AUTHENTICATION CODE | |
| Authentication code | lccopycat |
| 043 ## - GEOGRAPHIC AREA CODE | |
| Geographic area code | u-at-no |
| 050 00 - LIBRARY OF CONGRESS CALL NUMBER | |
| Classification number | ND 1225 |
| Item number | .I83 1989 |
| 100 1# - MAIN ENTRY--PERSONAL NAME | |
| Personal name | Isaacs, Jennifer. |
| 9 (RLIN) | 15703 |
| 245 10 - TITLE STATEMENT | |
| Title | Australian aboriginal paintings / |
| Statement of responsibility, etc. | Jennifer Isaacs. |
| 260 ## - PUBLICATION, DISTRIBUTION, ETC. | |
| Place of publication, distribution, etc. | The Rocks, NSW, Australia : |
| Name of publisher, distributor, etc. | Lansdowne, |
| Date of publication, distribution, etc. | 1989. |
| 264 ## - PRODUCTION, PUBLICATION, DISTRIBUTION, MANUFACTURE, AND COPYRIGHT NOTICE | |
| Copyright Date | 1989 |
| 300 ## - PHYSICAL DESCRIPTION | |
| Extent | 189 p. : |
| Other physical details | col. ill. ; |
| Dimensions | 30 cm. |
| Materials specified | books |
| Type of unit | books |
| 336 ## - CONTENT TYPE | |
| Content type term | text |
| Content type code | txt |
| Source | rdacontent |
| Materials specified | books |
| 337 ## - MEDIA TYPE | |
| Media type term | unmediated |
| Media type code | n |
| Source | rdamedia |
| Materials specified | books |
| 338 ## - CARRIER TYPE | |
| Carrier type term | volume |
| Carrier type code | nc |
| Source | rdacarrier |
| Materials specified | books |
| 500 ## - GENERAL NOTE | |
| General note | First published: Weldon, 1989. |
| 504 ## - BIBLIOGRAPHY, ETC. NOTE | |
| Bibliography, etc. note | Includes bibliographical references and index. |
| 650 #0 - SUBJECT ADDED ENTRY--TOPICAL TERM | |
| Topical term or geographic name entry element | Painting, Aboriginal Australian |
| Geographic subdivision | Australia |
| -- | Arnhem Land (N.T.) |
| 9 (RLIN) | 15704 |
| 650 #0 - SUBJECT ADDED ENTRY--TOPICAL TERM | |
| Topical term or geographic name entry element | Bark painting |
| Geographic subdivision | Australia |
| -- | Arnhem Land (N.T.) |
| 9 (RLIN) | 15705 |
| 906 ## - LOCAL DATA ELEMENT F, LDF (RLIN) | |
| a | 7 |
| b | cbc |
| c | copycat |
| d | 3 |
| e | ncip |
| f | 20 |
| g | y-gencatlg |
| 942 ## - ADDED ENTRY ELEMENTS (KOHA) | |
| Source of classification or shelving scheme | Library of Congress Classification |
| Koha item type | Books |
| Classification part | ND 1225 |
| Item part | .1989 I83 |
| Call number prefix | (DAFA-FA) |
| Withdrawn status | Lost status | Source of classification or shelving scheme | Damaged status | Not for loan | Collection code | Home library | Current library | Shelving location | Date acquired | Source of acquisition | Total Checkouts | Full call number | Barcode | Date last seen | Price effective from | Koha item type | Accession Number |
|---|---|---|---|---|---|---|---|---|---|---|---|---|---|---|---|---|---|
| Library of Congress Classification | Non-fiction | Foundation University Library | Foundation University Library | DoArchitecture & Fine Arts | 04/29/2026 | Donations | (DAFA-FA) ND 1225 .1989 I83 | 0192026003356 | 04/29/2026 | 04/29/2026 | Books | DAFA-2026356 |
